| 000 | 00627nam a22001817a 4500 | ||
|---|---|---|---|
| 999 |
_c190400 _d190400 |
||
| 005 | 20220725111634.0 | ||
| 010 | _aENG-133919 | ||
| 020 |
_a9789381842102 _c799.00 |
||
| 035 | _aEN-117451 | ||
| 037 | _bDBAD/PUB | ||
| 082 | _a591.95451 | ||
| 100 | _aSinha,Anup | ||
| 245 |
_aAmazing Corbett A Nature's Dream Destination: _cby Anup Sinha _bindia's first national park and tiger reserve/ |
||
| 260 |
_aNew Delhi _bAyushman publication House _c2012 |
||
| 270 |
_a352/D2 Ajit Bhawan Munirka Near J.N.U.Main Gate, _bNew Delhi _e110067 |
||
| 300 |
_axvi;167p.: _bill _c23cm(Hb) |
||
| 942 |
_2ddc _cEN _h591.95451 _mSIN |
||